00511 2200205 4500001002100000008004100021035002000062245005800082100002300140250000600163260004100169300001100210084001400221082000800235650001400243990001200257990001200269990001200281990001200293INLIS000000000000564 ind  a0010-0424000540 aSistem Hidrolik Sepeda MotorcArif Hidayatullah, S.Pd aHidayatullah, Arif a1 aYogyakarta :bCitra Aji Paramac2012 a81 hlm a600 ARI s a600 aNon Fiksi a0722284 a0722285 a0722286 a0722287